Co - Operative developmentand co - operative values (Record no. 6634)

000 -LEADER
fixed length control field 00375pab a2200145 454500
008 - FIXED-LENGTH DATA ELEMENTS--GENERAL INFORMATION
fixed length control field 180718b1988 xxu||||| |||| 00| 0 eng d
100 ## - MAIN ENTRY--PERSONAL NAME
Personal name Book, Sven Ake
245 ## - TITLE STATEMENT
Title Co - Operative developmentand co - operative values
260 ## - PUBLICATION, DISTRIBUTION, ETC.
Date of publication, distribution, etc. 1988
300 ## - PHYSICAL DESCRIPTION
Extent 61-70
362 ## - DATES OF PUBLICATION AND/OR SEQUENTIAL DESIGNATION
Dates of publication and/or sequential designation June
650 ## - SUBJECT ADDED ENTRY--TOPICAL TERM
Topical term or geographic name entry element Co - Operation
773 ## - HOST ITEM ENTRY
Main entry heading Review of International Co - Operation
909 ## -
-- 6634
Holdings
Withdrawn status Lost status Damaged status Not for loan Permanent Location Current Location Date acquired Serial Enumeration / chronology Barcode Date last seen Price effective from Koha item type
        Indian Institute of Public Administration Indian Institute of Public Administration 2018-07-19 Volume no: 81, Issue no: 2 AR6644 2018-07-19 2018-07-19 Articles

Powered by Koha